No nonsense delegation (Record no. 30331)

MARC details
000 -LEADER
fixed length control field 00249nam a2200109Ia 4500
082 ## - DEWEY DECIMAL CLASSIFICATION NUMBER
Classification number 065
Item number MCC
100 ## - MAIN ENTRY--AUTHOR NAME
Personal name Dale D
245 #0 - TITLE STATEMENT
Title No nonsense delegation
260 ## - PUBLICATION, DISTRIBUTION, ETC. (IMPRINT)
Name of publisher Taraporevala
Year of publication 1977
942 ## - ADDED ENTRY ELEMENTS (KOHA)
Koha item type Books
Holdings
Withdrawn status Lost status Damaged status Not for loan Home library Current library Date acquired Cost, normal purchase price Full call number Accession Number Koha item type
        RRII Library RRII Library 16/12/2021 38.00 065 MCC 10904 Books